000 00679nam a2200229Ia 4500
003 OSt
005 20221007074911.0
006 a|||||r|||| 00| 0
007 ta
008 221006b |||||||| |||| 00| 0 eng d
024 _a14,061
037 _cTextual
040 _aFLL
_cFLL
_beng
041 _2eng
_aeng
082 _aX:275.1(Y:4).N7, M1
100 _aPatnaik S.C. Au.
_9693301
245 0 _aEconomic of regional development and planning in third world countries
260 _aNew Delhi
_bAssociated publishing house India
_c1981
300 _a177p
_ccm.
942 _hX:275.1(Y:4).N7, M1
_cTEXL
_2CC
999 _c1154080
_d1154080